Normal view
MARC view
- Fornatale, Pete
Entry Personal Name
001 - CONTROL NUMBER
- control field: 111567
003 - CONTROL NUMBER IDENTIFIER
- control field: NUST
005 - DATE AND TIME OF LATEST TRANSACTION
- control field: 20230330104827.0
008 - FIXED-LENGTH DATA ELEMENTS
- fixed length control field: 230330|| aca||aabn | a|a d
040 ## - CATALOGING SOURCE
- Original cataloging agency: NUST
- Transcribing agency: NUST
100 ## - HEADING--PERSONAL NAME
- Personal name: Fornatale, Pete
670 ## - SOURCE DATA FOUND
- Source citation: Work cat.: (NUST)185223: Fornatale, Pete, Radio in the television age /, 1980.
